KęKę - Siara i KęKę - Bis EP - Statystyki

Ogólne statystyki
  • Ten quiz został rozwiązany 20 razy
  • Średni wynik to 9 z 17
Statystyki odpowiedzi
Numer Utwór % Poprawnych
4.. Jednorożec
78%
5. Tryb ON
78%
9. Legenda
72%
1. Beztroskie dni
67%
2. Moja Gwardia
67%
11. Zły rok
61%
7. Kukły
56%
12. Moje miasto
56%
3. Nadal Jestem tu
56%
6. Nie mów mi
50%
10. Smutna prawda
50%
2. Bajka
44%
8. Oni czekają na cud
44%
5. Bardzo długi list
28%
4. Kara
28%
Bis EP 1. Nie mieliśmy nic
28%
3. Byłem
22%
Nie znaleziono quizów pasujących do podanych kryteriów
Rozkład punktacji
Procent ludzi z każdym wynikiem
Percentyl według liczby udzielonych odpowiedzi
Twoja historia wyników
Nie rozwiązałeś tego quizu